| 000 | 00530nam a22001697a 4500 | ||
|---|---|---|---|
| 005 | 20260204123730.0 | ||
| 008 | 260204b |||||||| |||| 00| 0 eng d | ||
| 020 | _a978-184590990-1 | ||
| 050 |
_aLB 1028.C498 2016 _bC.1 |
||
| 100 | _aCHURCHES,RICHARD | ||
| 245 |
_aTEACHER -LED: RESEARCH _bEDUCATIONAL RESEARCH |
||
| 260 |
_aCARMARTHEN,WALES _bCROWN HOUSE PUBLISHING COMPANY |
||
| 300 | _aX1V,153P:,ILL. | ||
| 650 | _aEDUCATIONAL RESA=EARCH,TEACHER- PROFESSIONAL DEVELOPMENT | ||
| 700 | _aELEANOR, DOMMETT | ||
| 942 |
_2lcc _cBK |
||
| 999 |
_c216537 _d216537 |
||